00326nam a2200121Ia 4500008004100000024001600041082001600057100001700073245003000090260002500120600002100145650003800166250506s9999 xx 000 0 und d a00B-20-BCS3 a005.072 KAM aKamran Iqbal 0aLibrary Management System aKarachi:bUIT,c2000 aComputer Science aBachelor of Computer Science (BS)